MDQL
is popping MORE tags! Check the
thread
!
Quizzes
Events
Quiz Creation
Community
Videos
Private Events
Remove Ads
Sign In
Join for FREE
Feedback
Dark Mode
Quiz Categories
Sports
Geography
Music
Movies
Television
Just For Fun
Miscellaneous
History
Literature
Language
Science
Gaming
Entertainment
Religion
Holiday
For Kids
Quiz Lab
Recent
Popular Today
Quiz Kudos Today
Editor Picks
Curator Picks
Quizzes by...
Day
Popularity
Type
Ratings
Length
Year
Community
Subscriptions
Recent Discussions
Orange Saloon
Badges
Playlists
Quests
Create
Leaderboards
Showdown
Live 5
Trivia Bingo
Activity
Puzzle Library
Sporcle Events
Private Events
Virtual Trivia
Globe League
Become a Host
Pub Owners
SporcleCon
Opinionation
Our Games
Videos
Blog
Mobile Apps
Partnerships
Remove Ads and Go Orange
Feedback
Movies
Disney
Marvel Cinematic Universe
Movie Resume
Movie Titles
Oscar
Actor
Actress
Director
Pixar
Role
Movie Quotes
Movie Characters
Box Office
Nominee
Best Picture
Star Wars
James Bond
Horror Movies
Movies
Disney
Marvel Cinematic Universe
Movie Resume
Movie Titles
Oscar
Actor
Actress
Director
Pixar
Role
Movie Quotes
Movie Characters
Box Office
Nominee
Best Picture
Star Wars
James Bond
Horror Movies
Random Quiz
Search Sporcle
×
Quiz Lab
Quiz Lab
Movies
Actor
Type in answers that appear in a list
Type in answers that appear in a list
Classic
Best Score? Go Orange.
Another movie chain Stats
Another movie chain
By
RedDevilHazard96
10m
50 Questions
49 Plays
49 Plays
49 Plays
Comments
Comments
Give Quiz Kudos
Give Quiz Kudos
-
- Ratings
hide this ad
Forced Order
Answers have to be entered in order
Answers have to be entered in order
Replay
Link that replays current quiz
Next Quiz
Link to next quiz in quiz playlist
You Got
0%
They Got
Avg Score
45%
Avg Friend Score
Upgrade to see
Score Distribution
Jump to the score distribution portion of the page
Score
0/50
Timer
10:00
0
Plays Today
Actors
Movie
% Correct
Tom Cruise & Dustin Hoffman
Rain Man
89.8%
Nicolas Cage & Sean Connery
The Rock
83.7%
Julie Andrews & Mike Meyers (Voices)
Shrek
83.7%
John Travolta & Bruce Willis
Look who's talking
81.6%
Christopher Plummer & Julie Andrews
The Sound of Music
79.6%
Matt Damon & Ben Affleck
Chasing Amy
79.6%
Robin Williams & Robert De Niro
Awakenings
71.4%
Emma Stone & Woody Harrelson
Zombieland
71.4%
Mike Meyers & Rob Lowe
Wayne's World
69.4%
Robert Duvall & Al Pacino
The Godfather
67.3%
Dustin Hoffman & Jon Voight
Midnight Cowboy
65.3%
Jon Voight & Nicolas Cage
National Treasure
63.3%
Eli Wallach & Clint Eastwood
The Good, The bad and the Ugly
63.3%
Susan Sarandon & Tim Curry
The Rocky Horror Picture Show
63.3%
Steve Buscemi & Michael Madsen
Reservoir Dogs
63.3%
Emily Blunt & Tom Cruise
Edge of Tomorrow
61.2%
Terry Crews & Sylvester Stallone
The Expendables
61.2%
Kenneth Branagh & Emma Watson
Harry Potter and the Chamber of Secrets
61.2%
Brad Pitt & Susan Sarandon
Thelma & Louise
61.2%
Emma Watson & Seth Rogen
This is the End
59.2%
Chiwetel Ejiofor & Brad Pitt
12 years a slave
57.1%
Al Pacino & Robin Williams
Insomnia
57.1%
Michael Caine & Clive Owen
Children of Men
55.1%
Seth Rogen & Emma Stone
Superbad
51%
Jason Statham & Vinnie Jones
Snatch.
51%
Actors
Movie
% Correct
Ashton Kutcher & Amy Smart
The Butterfly Effect
49%
Ben Affleck & John Goodman
Argo
49%
Amy Smart & Jason Statham
Crank
46.9%
Bruce Willis & Emily Blunt
Looper
44.9%
Cameron Diaz & Kate Winslet
The Holiday
42.9%
Kate Winslet & Kenneth Branagh
Hamlet (1996)
38.8%
Billy Connolly & Willem Dafoe
The Boondock Saints
36.7%
Willem Dafoe & Sandra Bullock
Speed 2: Cruise Control
36.7%
Clint Eastwood & Hal Holbrook
Magnum Force
28.6%
Sylvester Stallone & Michael Caine
Get Carter (2000)
28.6%
Clive Owen & Christopher Plummer
Inside Man
22.4%
Rob Lowe & Cameron Diaz
Sex Tape
16.3%
Woody Harrelson & Chiwetel Ejiofor
2012
16.3%
Cate Blanchett & Billy Bob Thornton
Bandits
16.3%
Sean Connery & John Wayne
The Longest Day
14.3%
Hal Holbrook & Cuba Gooding Jr.
Men of Honor
14.3%
Vinnie Jones & Matt Damon
EuroTrip
12.2%
John Wayne & Eli Wallach
How the West was won
10.2%
Cuba Gooding Jr. & Terry Crews
Norbit
10.2%
Sandra Bullock & Steve Buscemi
28 Days
10.2%
Michael Madsen & Ashton Kutcher
My Boss's Daughter
8.2%
Billy Bob Thornton & Robert Duvall
The Apostle
8.2%
Robert De Niro & John Travolta
Killing Season
6.1%
Tim Curry & Billy Connolly (Voices)
Garfield: A Tail of Two Kitties
6.1%
John Goodman & Cate Blanchett
The Monuments Man
6.1%
Quiz Playlist
Details
Report
Send in Message
Add To Playlist
Classic:
Type in answers that appear in a list
Forced Order:
Answers have to be entered in order
Quiz Source
Last Updated: Feb 16, 2017
Quiz Scoreboard
CHALLENGE
Sign Up to Join the Scoreboard
Show All
Scores
Hide
Comments
May contain spoilers
Recently Published
Two Season TV Shows II
by 123Four
Television
10m
Image Sorting: Flags VI
by Barbecue
Geography
2m
Find the 'City' Movie
by crazypaving
Movies
60s
More to Explore
Quiz From the Vault
Featured Blog Post
14 Easter Pick-up Lines to Find Eggs With
hide this ad
You Might Also Like...
Tags
Actor Quiz
Another
Today's Top Quizzes in Movies
Browse Movies
hide this ad
Today's Top Quizzes in Actor
Browse Actor
Top Contributed Quizzes in Movies
1
Find The 'Big' Movie
2
The ultimate James Bond movie quiz
3
Find The 'Wild' Movie
4
Find The 'Blue' Movie
5
Movies By Plot
6
Hidden Star Wars Character II
7
Pick 5 Posters: Directed by Spielberg
8
Hidden Star Wars Character III
9
Hidden Star Wars Character IV
10
25 Best Actor Nominees (1990s)
Explore More
Trending Topics
Anime
Marvel
NBA
Kpop
Disney
Harry Potter
Crossword
Pokémon
Puzzle
NFL
Country
Song
Soccer
The Office
WWE
hide this ad
More By:
RedDevilHazard96
Quiz
Plays
Rating
Category
Featured
Created
1 - 25 in 30 seconds
432
2.50
Just For Fun
Jan 4, 2014
Countries with the Most Terrorism
277
3.67
Geography
Dec 5, 2014
Serial Killers 30+
119
2.33
Miscellaneous
Dec 31, 2013
Longest Best Picture Winners
119
3.00
Movies
Aug 13, 2014
Relegated Clubs Belgian Pro League
118
3.20
Sports
Dec 30, 2013
Go to Creator's Profile
Score Distribution
Quiz Creator Spotlight
RedDevilHazard96
Follow
Send a Message
Quizzes Created
-
Created Quiz Play Count
-
More By This Creator
Popular Quizzes Today
1
Find the US States - No Outlines Minefield
2
Colored Red Africa Blitz
3
Find the 'City' Movie
4
5x2 Blitz: Bands
5
The Countries of the World
6
Find the Countries of Europe - No Outlines Minefield
7
Find the US States
8
US States
More Movies Quizzes
Characters in 1955 Movie Posters
Quiz Lab
Trending Quizzes
Colored Red Europe Blitz I
Colored Red Africa Blitz II
Colored Red Europe Blitz II
Colored Red Africa Blitz III
Colored Red Europe Blitz III
Recently Updated
How Do You Spell That?
pecheneg
Godzilla Movies
pecheneg
Grab Bag: 4-10 Letters
pecheneg
2024 March Madness Bracket
pecheneg
Famous TV Couples
Peacemaker
Champions League XIs: Real Madrid
pecheneg
Largest US Cities 1790-2010
pecheneg
Rides in Walt Disney World
pecheneg
Most Oscar Losses (Acting)
pecheneg
Beyoncé Albums
pecheneg
Trending Topics
Disney
Anime
Crossword
Marvel
Kpop
Harry Potter
NBA
NFL
Soccer
Pokémon
The Office
Puzzle
Country
WWE
Song
Your Account Isn't Verified!
In order to create a playlist on Sporcle, you need to verify the email address you used during registration. Go to your
Sporcle Settings
to finish the process.
Report this User
Report this user for behavior that violates our
Community Guidelines
.
Details:
Send Report
Go to the Sporcle.com Mobile Site →
Comments